000 01103naa a22003377a 4500
001 BR7904819
003 BR-BrBNA
005 20250716090237.0
007 ta
008 250630b bl.|||m| |||| 00| 0 por d
040 _aBR-BrBNA
_bpor
_cBiblioteca Nacional de Agricultura
041 _a(Pt)
072 _aF00
_b0336
_b3575
090 _aF00 BR7904819
100 1 _aCosta, A.V.
100 1 _aMonteiro, P.M.F. de O.
100 1 _aRolim, R.B.
245 1 _aEfeito do retardamento da colheita e do envelhecimento precoce na germinacao e emergencia das sementes em diversas variedades de soja [Armazenamento; Deterioracao]
_bProjeto soja
500 _aRelatorio Tecnico 1978 Goiania, GO (Brasil): 1979. p. 180-182 (BR7904819-AMS)
650 _aProducao vegetal
650 _aSoja
650 _aSemente
650 _aColheita
650 _aArmazenamento
650 _aGerminacao
650 _aEmergencia
650 _aEnvelhecimento
490 _aRelatorio Tecnico - Empresa Goiana de Pesquisa Agropecuaria (Brazil)
942 _cAMS
_2AGRIS
909 _a202506
_bLúcia
_c55
_dLúcia Elande
999 _c333422
_d333422